Il pisello; per l'industria conserviera i mercanti e il bestiame /

Guardado en:
Autor Principal: Luchini, Ricardo
Formato: Libro
Publicado: Milan : Ulrico Hoepli, 1961
Materias:
Etiquetas: Agregar Etiqueta
Sin Etiquetas, Sea el primero en etiquetar este registro!
LEADER 00542nam a22001695a 4500
001 CEM.cems015974
005 20131011165744.0
008 130507s1961##################000#0#####d
003 CEMS
082 0 4 |a 664.8 
100 1 |a Luchini, Ricardo 
245 1 0 |a Il pisello; per l'industria conserviera i mercanti e il bestiame /  |c Ricardo Luchini, 
260 |a Milan :  |b Ulrico Hoepli,  |c 1961 
300 |a 346 p. 
653 |a Alimentos-conservación 
653 |a Arvejas-conservación 
859 |a CEMS  |b BIB. CEMS - Agricultura  |h 664.8  |i L963  |p A12541.83  |t Ej.1  |v 1  |3 Vol. 1